Industrialización periférica en el sistema de ciudades de Sinaloa /

में बचाया:
ग्रंथसूची विवरण
मुख्य लेखक: Garza, Gustavo
अन्य लेखक: Sobrino, Jaime
स्वरूप: मूलपाठ
प्रकाशित: México D.F.: El Colegio de México
टैग: टैग जोड़ें
कोई टैग नहीं, इस रिकॉर्ड को टैग करने वाले पहले व्यक्ति बनें!

MARC

LEADER 00000 a a2200000 04500
001 22199
003
040
020 |a 968-12-0536-0  
090 |a 150500  
100 |a Garza, Gustavo  
245 |a Industrialización periférica en el sistema de ciudades de Sinaloa /  |c Gustavo Garza 
260 |a México D.F.:   |b El Colegio de México  
300 |a 343 p   |b **no definido**  
700 |a Sobrino, Jaime  
999 |c 8406  |d 8406